Thailand: An introduction to Modern Siam
Tallennettuna:
| Päätekijä: | |
|---|---|
| Aineistotyyppi: | Kirja |
| Kieli: | Undetermined |
| Julkaistu: |
New York
D. van Nostrand Company, Inc
1959
|
| Aiheet: | |
| Tagit: |
Lisää tagi
Ei tageja, Lisää ensimmäinen tagi!
|
| Thư viện lưu trữ: | Trung tâm Học liệu Trường Đại học Cần Thơ |
|---|
| LEADER | 00501nam a2200193Ia 4500 | ||
|---|---|---|---|
| 001 | CTU_90575 | ||
| 008 | 210402s9999 xx 000 0 und d | ||
| 082 | |a 915.3 | ||
| 082 | |b B977 | ||
| 100 | |a Noel F. Busch | ||
| 245 | 0 | |a Thailand: | |
| 245 | 3 | |b An introduction to Modern Siam | |
| 245 | 0 | |c Noel F. Busch | |
| 260 | |a New York | ||
| 260 | |b D. van Nostrand Company, Inc | ||
| 260 | |c 1959 | ||
| 650 | |a thailand | ||
| 904 | |i Mai Loan | ||
| 980 | |a Trung tâm Học liệu Trường Đại học Cần Thơ | ||